书目信息 |
| 题名: |
清洁生产与循环经济
|
|
| 作者: | 奚旦立 主编 | |
| 分册: | ||
| 出版信息: | 北京 化学工业出版社 2005 |
|
| 页数: | ||
| 开本: | 29cm | |
| 丛书名: | ||
| 单 册: | ||
| 中图分类: | X383 | |
| 科图分类: | ||
| 主题词: | 无污染技术--研究 | |
| 电子资源: | ||
| ISBN: | 7-5025-6442-X | |
| 000 | 00529nam0 2200181 450 | |
| 001 | 0754114953 | |
| 005 | 20070929150154.95 | |
| 010 | @a7-5025-6442-X | |
| 100 | @a20070929d km y0chiy0120 ea | |
| 101 | 0 | @achi |
| 200 | 1 | @a清洁生产与循环经济@Aqing jie sheng chan yu xun huan jing ji@f奚旦立 主编@Fxi dan li zhu bian |
| 210 | @a北京@c化学工业出版社@d2005 | |
| 215 | @c插图@d29cm | |
| 606 | 0 | @a无污染技术@x研究 |
| 690 | @aX383@v3 | |
| 701 | 0 | @a奚旦立@Axi dan li@4主编 |
| 801 | 0 | @aCN@bPFT@c20070929 |
| 905 | @a213230@dX383@eh77@f1 | |
| 清洁生产与循环经济/奚旦立 主编.-北京:化学工业出版社,2005 |
| 插图;29cm |
| ISBN 7-5025-6442-X: |
| ● |
| 相关链接 |
|
|
|
|
正题名:清洁生产与循环经济
索取号:X383/h77
 
预约/预借
| 序号 | 登录号 | 条形码 | 馆藏地/架位号 | 状态 | 备注 |
| 1 | 6003023 | 260030237 | 密集书库-化学系/ [索取号:X383/h77] | 在馆 |